02903njm a2200445Ia 450000100060000000300090000600500170001500800410003204000130007304000130008610000110009910000180011010000380012824500520016625000110021826000090022926000750023830000100031350001270032350506960045051100550114651100600120151100430126151100390130451100410134351100430138451100350142751100370146251100380149965000560153770000900159370000860168370001190176970000890188870001200197770000780209770000830217570000790225870001200233721074IT-RoPAU20220918181158.0131025s9999 xx 000 0 und d aIT-RoPAU cIT-RoPAU aAA.VV. eAutore musica gCodice autore musica SPICS: 12000 aPiù bella musica dallo schermo (La)-Disco N.2 a1a ed. aROMA bRCA (RADIO CORP. AMERICA)c1973 [1a Ed.:1961 - Ed. Lingua Orig.: 1961] aDISCO aColonna sonora. Musica da film. Film d'amore. Motivi conduttori delle più note trame sentimentali vissute sullo schermo. aWest Side Story (dal film omonimo di Robert Wise e Jerome Robbins) - Love Story (dal film omonimo di Arthur Hiller) - Anonimo veneziano (dal film omonimo di Enrico Maria Salerno) - Donne in amore (Tema d'amore dal Film Donne in Amore di Ken Russell) - Un uomo, una donna (dal film omonimo di Claude Lelouch) - Vivere per vivere (dal film omonimo di Claude Lelouch) - Due per la strada (dal film omonimo di Stanley Donen) - I giorni del vino e delle rose (dal film omonimo di Blake Edwards) - Metello (dal film omonimo di Mauro Bolognini) - L'amante (dal film omonimo di Claude Sautet) - Les parapluies de Cherbourg (I Will Wait For You - dal film Les parapluies de Cherbourg di Jacques Demy) aPeter Nero, pianista Marty Gold e la sua orchestra aRonnie Aldrich, pianista Wally Stott e la sua orchestra aJohnny Gibbs e la sua orchestra e coro aNorman Percival e la sua orchestra aLuciano Michelini e la sua orchestra aHenry Mancini, la sua orchestra e coro aWally Stott e la sua orchestra aBruno Nicolai e la sua orchestra aDavid Whitaker e la sua orchestra aCOLONNA SONORA [DISCHI]eCodice MATERIA SPICS: 9950 aCipriani StelviodCodice autore musica SPICS: 10828eAutore musicapAnonimo veneziano aDelerue GeorgesdCodice autore musica SPICS: 10858eAutore musicapDonne in amore aLai FrancisdCodice autore musica SPICS: 10971eAutore musicapLove Story - Un uomo, una donna - Vivere per vivere aBernstein LeonarddCodice autore musica SPICS: 10723eAutore musicapWest Side Story aMancini HenrydCodice autore musica SPICS: 11002eAutore musicapDue per la strada - I giorni del vino e delle rose aMorricone EnniodCodice autore musica SPICS: 3535eAutore musicapMetello aRota NinodCodice autore musica SPICS: 11128eAutore musicapRomeo e Giulietta aSarde PhilippedCodice autore musica SPICS: 11145eAutore musicapL'amante aLegrand MicheldCodice autore musica SPICS: 10930eAutore musicapLes parapluies de Cherbourg (I Will Wait For You)